Statistics for countries with the most carbon emmisions

Click here to take the quiz!

General Stats

  • This quiz has been taken 23 times
  • The average score is 13 of 15

Answer Stats

Carbon emissions in tonnesAnswer% Correct
235,527MTChina
100%
38,729MTFrance
100%
92,636MTGermany
100%
78,161MTUnited Kingdom
100%
54,423MTIndia
96%
65,617MTJapan
96%
20,071MTMexico
96%
115,335MTRussia
96%
416,738MTUnited States
96%
33,571MTCanada
83%
24,736MTItaly
83%
27,862MTPoland
74%
18,909MIran
70%
30,558MTUkraine
65%
21,163MTSouth Africa
52%

Score Distribution

Percentile by Number Answered

Percent of People with Each Score

Your Score History

You have not taken this quiz